MARC details
| 000 -LEADER |
| fixed length control field |
04304cam a22006137i 4500 |
| 001 - CONTROL NUMBER |
| control field |
18686872 |
| 003 - CONTROL NUMBER IDENTIFIER |
| control field |
OSt |
| 005 - DATE AND TIME OF LATEST TRANSACTION |
| control field |
20260428170128.0 |
| 008 - FIXED-LENGTH DATA ELEMENTS--GENERAL INFORMATION |
| fixed length control field |
150706t20112011caua b 001 0deng d |
| 010 ## - LIBRARY OF CONGRESS CONTROL NUMBER |
| LC control number |
2015304146 |
| 015 ## - NATIONAL BIBLIOGRAPHY NUMBER |
| National bibliography number |
GBB0E3334 |
| Source |
bnb |
| 016 7# - NATIONAL BIBLIOGRAPHIC AGENCY CONTROL NUMBER |
| Record control number |
015707115 |
| Source |
Uk |
| 020 ## - INTERNATIONAL STANDARD BOOK NUMBER |
| International Standard Book Number |
9783836527309 |
| Qualifying information |
set |
| 020 ## - INTERNATIONAL STANDARD BOOK NUMBER |
| International Standard Book Number |
3836527308 |
| Qualifying information |
set |
| 035 ## - SYSTEM CONTROL NUMBER |
| System control number |
18686872 |
| 035 ## - SYSTEM CONTROL NUMBER |
| System control number |
(OCoLC)692290112 |
| 040 ## - CATALOGING SOURCE |
| Original cataloging agency |
BTCTA |
| Language of cataloging |
eng |
| Description conventions |
rda |
| Transcribing agency |
Foundation University |
| Modifying agency |
Foundation University |
| 041 1# - LANGUAGE CODE |
| Language code of text/sound track or separate title |
eng |
| Language code of original |
ger |
| 042 ## - AUTHENTICATION CODE |
| Authentication code |
lccopycat |
| 050 00 - LIBRARY OF CONGRESS CALL NUMBER |
| Classification number |
N 6490 |
| Item number |
.2011 M63 v.1 |
| 130 0# - MAIN ENTRY--UNIFORM TITLE |
| Uniform title |
Moderne Kunst. |
| Language of a work |
English. |
| 9 (RLIN) |
15577 |
| 245 10 - TITLE STATEMENT |
| Title |
Modern art / |
| Statement of responsibility, etc. |
with essays by Dietmar Elger, Anne Ganteführer-Trier, Karin H. Grimme, Barbara Hess, Hans Werner Holzwarth, Klaus Honnef, Cathrin Klingsöhr-Leroy, Sylvia Martin, Daniel Marzona, Kerstin Stremmel, Norbert Wolf. |
| 264 #1 - PRODUCTION, PUBLICATION, DISTRIBUTION, MANUFACTURE, AND COPYRIGHT NOTICE |
| Place of production, publication, distribution, manufacture |
Köln : |
| Name of producer, publisher, distributor, manufacturer |
Taschen, |
| Date of production, publication, distribution, manufacture, copy right date |
[2011] |
| 264 #4 - PRODUCTION, PUBLICATION, DISTRIBUTION, MANUFACTURE, AND COPYRIGHT NOTICE |
| Date of production, publication, distribution, manufacture, copy right date |
©2011 |
| Copyright Date |
2011 |
| 300 ## - PHYSICAL DESCRIPTION |
| Extent |
2 volumes (673 pages) : |
| Other physical details |
illustrations (some color) ; |
| Dimensions |
32 cm |
| Materials specified |
books |
| Type of unit |
books |
| 336 ## - CONTENT TYPE |
| Content type term |
text |
| Content type code |
txt |
| Source |
rdacontent |
| 336 ## - CONTENT TYPE |
| Content type term |
still image |
| Content type code |
sti |
| Source |
rdacontent |
| 337 ## - MEDIA TYPE |
| Media type term |
unmediated |
| Media type code |
n |
| Source |
rdamedia |
| 338 ## - CARRIER TYPE |
| Carrier type term |
volume |
| Carrier type code |
nc |
| Source |
rdacarrier |
| Materials specified |
n |
| 500 ## - GENERAL NOTE |
| General note |
Edited by Laszlo Taschen"--Spine of box. |
| 500 ## - GENERAL NOTE |
| General note |
"Impressionism to surrealism"--Jacket, volume 1. |
| 500 ## - GENERAL NOTE |
| General note |
"Abstract expressionism to today"--Jacket, volume 2. |
| 504 ## - BIBLIOGRAPHY, ETC. NOTE |
| Bibliography, etc. note |
Includes bibliographical references and index. |
| 505 0# - FORMATTED CONTENTS NOTE |
| Formatted contents note |
volume 1. 1870-1944 -- volume 2. 1945-2000. |
| 520 ## - ABSTRACT, SUMMARY, ETC. |
| Abstract, Summary, etc. |
This title focuses on game changers. This is the blow-by-blow account of the works that matter most in Modern art. The story of modern art begins roughly 150 years ago, when painters left their studios to try and catch nature and the quickly changing light out in plain air, only to find that they did not paint more realistically, instead they were pushed toward the fractured colors and fleeting compositions we've come to associate with the term impressionism. Once standard academy practice had been overcome, there was no holding back, and in a constant desire to pursue new roads, one style supplanted the next, always bringing different innovations: after impressionism, there followed symbolism, expressionism, futurism, surrealism, dada, abstract art, minimal, and pop. Even in post-modernism and the contemporary works of Koons, Kelley, or Wool, this modernist urge to make something new is still very much alive. This publication concentrates on individual works, each piece breaking some amount of new ground, and with 300 featured pieces by as many artists, this means an average of two game changers for every year. Each work is accompanied by a text that places it within the larger narrative, introducing the artist and outlining the agenda. Introductions to all the important art movements give the reader a more thorough grounding in the historical developments, but most of all, it is the year-by-year succession of groundbreaking works, both classics and surprising rediscoveries, that tells the story of an art that always thrived on innovation-- |
| Assigning source |
Source other than Library of Congress. |
| 648 #7 - SUBJECT ADDED ENTRY--CHRONOLOGICAL TERM |
| Chronological term |
1800 - 1999 |
| Source of heading or term |
fast |
| 9 (RLIN) |
15578 |
| 650 #0 - SUBJECT ADDED ENTRY--TOPICAL TERM |
| Topical term or geographic name entry element |
Art, Modern |
| Chronological subdivision |
19th century |
| General subdivision |
History. |
| 9 (RLIN) |
15579 |
| 650 #0 - SUBJECT ADDED ENTRY--TOPICAL TERM |
| Topical term or geographic name entry element |
Art, Modern |
| Chronological subdivision |
20th century |
| General subdivision |
History. |
| 9 (RLIN) |
15580 |
| 650 #0 - SUBJECT ADDED ENTRY--TOPICAL TERM |
| Topical term or geographic name entry element |
Art movements |
| Chronological subdivision |
19th century |
| General subdivision |
History. |
| 9 (RLIN) |
15581 |
| 650 #0 - SUBJECT ADDED ENTRY--TOPICAL TERM |
| Topical term or geographic name entry element |
Art movements |
| Chronological subdivision |
20th century |
| General subdivision |
History. |
| 9 (RLIN) |
15582 |
| 650 #0 - SUBJECT ADDED ENTRY--TOPICAL TERM |
| Topical term or geographic name entry element |
Painting, Modern |
| Chronological subdivision |
19th century. |
| 9 (RLIN) |
15583 |
| 650 #0 - SUBJECT ADDED ENTRY--TOPICAL TERM |
| Topical term or geographic name entry element |
Painting, Modern |
| Chronological subdivision |
20th century. |
| 9 (RLIN) |
14951 |
| 650 #7 - SUBJECT ADDED ENTRY--TOPICAL TERM |
| Topical term or geographic name entry element |
Art, Modern. |
| Source of heading or term |
fast |
| Authority record control number or standard number |
(OCoLC)fst00816615 |
| 9 (RLIN) |
13050 |
| 650 #7 - SUBJECT ADDED ENTRY--TOPICAL TERM |
| Topical term or geographic name entry element |
Art movements. |
| Source of heading or term |
fast |
| Authority record control number or standard number |
(OCoLC)fst00815613 |
| 9 (RLIN) |
15584 |
| 650 #7 - SUBJECT ADDED ENTRY--TOPICAL TERM |
| Topical term or geographic name entry element |
Painting, Modern. |
| Source of heading or term |
fast |
| Authority record control number or standard number |
(OCoLC)fst01050988 |
| 9 (RLIN) |
12597 |
| 655 #7 - INDEX TERM--GENRE/FORM |
| Genre/form data or focus term |
History. |
| Source of term |
fast |
| Authority record control number or standard number |
(OCoLC)fst01411628 |
| 9 (RLIN) |
7569 |
| 700 1# - ADDED ENTRY--PERSONAL NAME |
| Personal name |
Elger, Dietmar, |
| Relator term |
writer of supplementary textual content. |
| 9 (RLIN) |
15585 |
| 700 1# - ADDED ENTRY--PERSONAL NAME |
| Personal name |
Ganteführer-Trier, Anne, |
| Relator term |
writer of supplementary textual content. |
| 9 (RLIN) |
15586 |
| 700 1# - ADDED ENTRY--PERSONAL NAME |
| Personal name |
Grimme, Karin H., |
| Relator term |
writer of supplementary textual content. |
| 9 (RLIN) |
15587 |
| 700 1# - ADDED ENTRY--PERSONAL NAME |
| Personal name |
Holzwarth, Hans Werner, |
| Relator term |
writer of supplementary textual content. |
| 9 (RLIN) |
15588 |
| 906 ## - LOCAL DATA ELEMENT F, LDF (RLIN) |
| a |
7 |
| b |
cbc |
| c |
copycat |
| d |
2 |
| e |
ncip |
| f |
20 |
| g |
y-gencatlg |
| 942 ## - ADDED ENTRY ELEMENTS (KOHA) |
| Source of classification or shelving scheme |
Library of Congress Classification |
| Koha item type |
Books |
| Classification part |
N 6490 |
| Item part |
.2011 M63 v.1 |
| Call number prefix |
(DAFA-FA) |